000 00634nam a2200181Ia 4500
003 IN-BaIIA
008 211028s9999 xx 000 0 eng d
040 _cIIA Library
080 _a69.01:624
_bIND-25
110 _aBureau of Indian Standards
_920631
245 0 _aIndian standard: method of measurement of building and civil engineering works
_bpt. 25, tunneling
_cBureau of Indian Standards
260 _aNew Delhi
_bBureau of Indian Standards
_c2003
300 _a7p.
650 _acivil engineering work
_933831
650 _aIndian standard
_933832
650 _aTunneling
_933833
942 _cBK
999 _c17818
_d17818